02716nam a22002774a 4500003000900000005001700009008004100026040001300067041000800080044000700088082002200095100003000117245016900147260010100316300001200417502007300429520177400502650002702276650002202303650002802325650002502353650001202378650002302390651001402413651001102427BOLpUSFA20260414174212.0 t bo grm 001 | spa|| aBOLpUSFA aspa aBO aICO0014bC957e PG aCruz Vargas, Brisa Marian aEstudio de factibilidad para la creación de una Empresa de servicio de transporte público exclusivo para mujeres en el Municipio de Tupiza "Chicheñas Seguras" aTupiza: bUniversidad Privada San Francisco de Asís. Carrera de Ingeniería Comercial, c2025 a265 p.  aModalidad: Proyecto de Grado - Tutora: Lic. Zorka Encinas Muninagic aEn el municipio de Tupiza, las mujeres enfrentan altos niveles de inseguridad en el transporte público, particularmente en horarios nocturnos, lo que limita su movilidad y genera desconfianza hacia los servicios tradicionales. Frente a esta problemática, el proyecto de factibilidad “Chicheñas Seguras” propone la creación de una empresa de transporte público seguro, confiable y exclusivo para mujeres, operado por conductoras capacitadas y certificadas. El estudio se desarrolló bajo un enfoque descriptivo, aplicando encuestas a una muestra representativa de mujeres del área urbana de Tupiza, con el objetivo de identificar sus preferencias, nivel de aceptación y disposición a pagar por el servicio. Asimismo, se realizaron análisis de factibilidad técnica, comercial, económica, financiera y social, a fin de determinar la viabilidad integral del proyecto. Los resultados evidenciaron que el 72% de las encuestadas manifestó interés en utilizar un servicio de transporte seguro para mujeres, valorando especialmente la confianza, la atención personalizada y la implementación de herramientas tecnológicas de seguridad. El análisis financiero demostró que la inversión inicial es recuperable en un periodo razonable, asegurando rentabilidad y sostenibilidad en el mediano plazo. En conclusión, “Chicheñas Seguras” constituye un proyecto viable, innovador y socialmente necesario, que responde a una demanda insatisfecha del mercado femenino tupiceño, promoviendo la inclusión laboral de mujeres conductoras y contribuyendo a mejorar la seguridad ciudadana y la calidad del transporte urbano.  aIngeniería Comercial aProyecto de Grado aEstudio de factibilidad aTransporte público aMujeres aInseguridad social aPotosí  aTupiza